Представление документа в формате MARC21

Поле Инд. ПП Название Значение
Тип записи a
Библиографический уровень m
001 Контрольный номер 0d0be5fb694f4e14a7437150985dab5d
005 Дата корректировки 20231123155244.9
020 a ISBN 978-5-9729-0709-0
040 b Код языка каталог. rus
e Правила каталог. PSBO
041 0_ a Код языка текста rus
080 a Индекс УДК 625.72(075.8)
097 b Оператор *А*
097 b Оператор *Ольга*
100 1_ a Автор Шведовский П.В.
245 10 a Заглавие Изыскания и проектирование автомобильных дорог
b Продолж. заглавия учебное пособие
b Продолж. заглавия в составе учебно-методического комплекса
260 a Место издания Москва ; Вологда
b Издательство Инфра-Инженерия
c Дата издания 2021
440 _0 a Серия УМК-У
516 8_ a Прим. о типе комп. файла/ данных Текст : электронный
a Прим. о типе комп. файла/ данных Режим доступа: по подписке
a Прим. о типе комп. файла/ данных Дата обращения: 07.07.2022
520 0_ a Аннотация Изложены основные теории транспортных потоков и приведены методики расчета движения автомобилей. Особое внимание уделено вопросам проектирования плана, продольного и поперечных профилей автомобильных дорог, а также расчетам дорожных одежд. Рассмотрены вопросы проектирования сооружений дорожного водоотвода, малых водопропускных сооружений, а также основы проектирования пересечений и примыканий автомобильных дорог. Описано ландшафтное проектирование, приведены особенности проектирования автомагистралей, дорог в сложных природных условиях, их обустройства и технических изысканий. Для студентов автомобильно-дорожных специальностей и факультетов высших учебных заведений. Может быть использовано инженерно-техническими работниками дорожных организаций и предприятий.
535 1_ a Хранилище ЭБС Лань
583 a Действие Приписка : УМК
653 0_ a Ключевые слова Автомобильные дороги
653 0_ a Ключевые слова Дорожное строительство
653 0_ a Ключевые слова Транспортные потоки
653 0_ a Ключевые слова Дорожные условия
653 0_ a Ключевые слова Ландшафт
653 0_ a Ключевые слова Транспортные развязки
653 0_ a Ключевые слова Дорожный водоотвод
653 0_ a Ключевые слова Обслуживание дорожного движения
655 a Жанр/ форма (устаревшее) *У*
700 12 a Другие авторы Клебанюк Д.Н.
773 18 w Контрольный № источника 117302
w Контрольный № источника bac4e3b8ce7b4249bf66538bb62af582
856 40 u URL https://e.lanbook.com/book/192652
901 t Тип документа m
905 a Дата создания записи 27.04.22
c Дата приписки 07.11.23
c Дата приписки 23.11.23
952 a Тип литературы для КСУ ВШ *У2*
e Факультет *ИСФ*
990 g Размещение заказа (DOS) ЭБС Лань
990 c Приоритет заказа (DOS) *д*
f Даты поступлений (DOS) 22.04.22
h N записи в КСУ для Б/У (DOS) 1000/2022
j Количество экземпляров (DOS) 1